10 to 1: Authors by European Language Quiz Stats

 Plays Quiz Updated Mar 21, 2019

Score 0/55 Timer 06:00
13 Plays Today
% Correct
Agatha Christie
97.1%
J.K. Rowling
88.4%
Charles Dickens
87.9%
Jane Austen
86.5%
J.R.R. Tolkien
86.2%
Dan Brown
85.4%
William Shakespeare
83.3%
Antoine de Saint-Exupéry
82.7%
Alexandre Dumas
82%
Simone de Beauvoir
79.2%
Fyodor Dostoevsky
78.5%
Victor Hugo
78.1%
Gabriel García Márquez
77.9%
Roald Dahl
77.6%
Miguel de Cervantes
76.3%
Homer
76.1%
Gustave Flaubert
75.6%
Alexander Pushkin
75.5%
Plato
75.5%
Jules Verne
75.3%
Voltaire
75.2%
Cicero
74.5%
Hermann Hesse
74.4%
Albert Camus
73.9%
Caesar
73.7%
Aristotle
73.4%
Johann Wolfgang von Goethe
73.3%
Günter Grass
73.3%
% Correct
Leo Tolstoy
73.2%
Niccolò Machiavelli
73.2%
Friedrich Schiller
72.4%
Boris Pasternak
72.4%
Stieg Larsson
71.2%
Maya Angelou
71%
Javier Marías
69.8%
Astrid Lindgren
68.9%
Bertold Brecht
68.8%
Ovid
68.5%
Pablo Neruda
68.2%
Joost van den Vondel
67.3%
Virgil
67.1%
Georges Simenon
66.3%
Sophocles
65.9%
Umberto Eco
62.8%
Franz Kafka
62.2%
Tacitus
61.4%
Horace
60.5%
Sappho
60%
Seneca
59.8%
Isabel Allende
59.8%
Herodotus
59.3%
Salman Rushdie
56.9%
Thomas Mann
53.2%
Livy
51.6%
Henning Mankell
46.3%

You're not logged in!

Compare scores with friends on all Sporcle quizzes.
OR
Log In

Show Comments

Extras

Top Quizzes Today


Score Distribution

Your Account Isn't Verified!

In order to create a playlist on Sporcle, you need to verify the email address you used during registration. Go to your Sporcle Settings to finish the process.

Report this User

Report this user for behavior that violates our Community Guidelines.

Details: